000 00843nam a22002297a 4500
005 20240530110617.0
008 161205s2010 ua a f b 000 0 ara d
017 _a2010/21206
_bمصر. دار الكتب
020 _a9789771807797
040 _aEG-CaGPL
_cEG-CaGPL
082 0 4 _221
_a962.39\
_bق/ص س
100 0 _aصبرى احمد العدل .
245 1 0 _aسيناء فى التاريخ الحديث ( 1869 - 1917 ) /
_cتاليف صبرى احمد العدل .
260 _aالقاهرة :
_c2010 .
_bمطبعة دار الكتب و الوثائق القومية بالقاهرة ،
300 _a342 ص ؛
_c24 سم .
504 _aيشتمل على ارجاعات ببليوجرافية .
650 _2qrmak
651 0 7 _2qrmak
_aسيناء .
651 0 7 _2qrmak
_xتاريخ .
942 _2ddc
_cBK
999 _c62986
_d62986